Complete Italian step by step the fastest way to achieve Italian mastery
Enregistré dans:
| Auteur principal: | |
|---|---|
| Format: | Livre |
| Langue: | anglais |
| Publié: |
McGraw-Hill York
2020
|
| Tags: |
Ajouter un tag
Pas de tags, Soyez le premier à ajouter un tag!
|
MARC
| LEADER | 00000nam a22000007a 4500 | ||
|---|---|---|---|
| 008 | 240304b |||||||| |||| 00| 0 eng d | ||
| 020 | |a 9781260463248 | ||
| 100 | |a NANNI-TATE, Paola | ||
| 245 | |a Complete Italian step by step |b the fastest way to achieve Italian mastery |c /Paola-Nanni=Tate |g xvii, 604p | ||
| 260 | |b McGraw-Hill York |c 2020 |h New York |i 701664 |i 701665 |l PC1129.E5N15 |m Italian language -Textbooks for foreign speakers- English |m Italian language - Grammar | ||
| 500 | |a it includes index | ||
| 942 | |a lcc |c BK |e Johnson |f 04/02/24 | ||
| 952 | |0 0 |1 0 |2 lcc |4 0 |6 PC1129 E5 N15 |7 0 |9 4931 |a ART |b HOL |c LP |d 2024-03-04 |l 0 |o PC1129.E5N15 |p 2024-0182 |r 2024-03-04 00:00:00 |t 701664 |w 2024-03-04 |y BK | ||
| 952 | |0 0 |1 0 |2 lcc |4 0 |6 PC1129 E5 N15 |7 0 |9 4932 |a HOL |b HOL |c LP |d 2024-03-04 |l 0 |o PC1129.E5N15 |p 2024-0183 |r 2024-03-04 00:00:00 |t 701665 |w 2024-03-04 |y BK | ||
| 999 | |c 2447 |d 2447 | ||